000 01604nam a2200433 c 4500
001 52430
003 ES-MaCES
005 20250203133958.0
008 220808s2022 sp 000 | spa d
017 _aM 14284-2022
_bDL
020 _a9788413524948
040 _aES-MaCES
_bspa
_cES-MaCES
100 1 _940463
_aPalomo Garrido, Aleksandro
245 0 0 _aApogeo y declive de la Globalización
_cAleksandro Palomo Garrido
_pV. II
260 _aMadrid
_bLos Libros de la Catarata
_c[2022]
300 _a301 p.
_c22 cm
490 1 _aColección Investigación y debate
_v360
500 _aEste es el segundo volumen de la obra dedicada al proceso de globalización y su desarrollo en el filo de los siglos XX y XXI
504 _aBibliografía: p. 293-296
541 _cCompra
650 4 _aglobalización económica
_930653
650 4 _anuevo orden económico internacional
_929223
650 4 _acrisis económica
_927102
650 4 _apérdida financiera
_928136
650 4 _a2008
_931908
650 4 _aevaluación del impacto
_930732
650 4 _arelaciones internacionales
_926675
650 4 _arelaciones económicas
_926673
650 4 _asector financiero
_930761
650 4 _ageografía política
_928776
650 4 _arégimen político
_927201
650 4 _aS. XX-XXI
_931459
650 4 _ahistoria
_927251
653 1 0 _aCiencias Sociales-Políticas
787 0 _tAuge y expansión de la Globalización. V. I
_w(ES-MaCES)52429
830 0 _aColección Investigación y debate (Los Libros de la Catarata)
_v360
_934266
902 _aLIB Libro
942 _2CES
_cBK
_h7.0.
999 _c52430
_d52430